000 00556cab a2200217 4500
001 X3305
008 090401t1995 xxu||||| |||| 00| 0 eng d
035 _a(Sirsi) u29688
041 _aeng
100 _aWest, A.
245 _aFire retardancy and fire barriers for thatched roofs
260 _c1995
350 _a0
490 _aStructural Survey
_v13(3) 1995, 9-10(2)
650 _aFIRE BARRIERS
650 _aFIRE RETARDANTS
650 _aTHATCHED ROOFS
690 _aBUILT ENVIRONMENT-BUILDING MATERIALS
942 _n0
948 _c04/03/1997
999 _c19969
_d19969